| 000 | 00525nam a2200121Ia 4500 | ||
|---|---|---|---|
| 008 | 220620s9999||||xx |||||||||||||| ||und|| | ||
| 100 | _aSonia Soloneski||Marcelo L. Larramendy | ||
| 245 | 0 | _aEmerging Pollutants - Some Strategies for the Quality Preservation of Our Environment | |
| 546 | _aEnglish[eng] | ||
| 650 | _aLife Sciences||Environmental Pollution||Environmental Sciences | ||
| 856 | _uhttps://www.intechopen.com/books/emerging-pollutants-some-strategies-for-the-quality-preservation-of-our-environment | ||
| 942 | _cEB | ||
| 999 |
_c31520 _d31520 |
||